000 00866nam a2200229 a 4500
001 000034474
005 20200930073724.0
008 111004s2009 dr ad 001 0 spa d
020 _a9789945416138
040 _aDO-SdBNP
_bspa
_cBNPHU
082 _a378.80
_bR165u
100 1 _aRama, Claudio,
_d1954-
_959913
245 1 3 _aLa universidad latinoamericana en la encrucijada de sus tendencias /
_cClaudio Rama.
260 _aSanto Domingo :
_bUNICARIBE,
_c2009.
300 _a562 p. :
_bil., tabls. ;
_c25 cm.
504 _aIncluye bibliografía y notas al pie de páginas.
590 _aInventariado, 2018/ YL
650 4 _aEducacion superior
_xFines y objetivos
_zAmérica Latina
_959914
650 4 _aEducación
_xMétodos experimentales
_zAmérica Latina
_959915
710 2 _aUniversidad del Caribe (UNICARIBE)
_959912
910 _aValidado. Control de calidad EMS
999 _c33965
_d33965